Dalton Characters Quiz Stats

Quiz not verified by Sporcle

Challenge
Share
Tweet
Embed
Score 0/64 Timer 10:00
0 Plays Today
Name % Correct
Blaine
98.9%
Kurt
96.5%
Wes
87.3%
David
85.9%
Reed
84.3%
Logan
84%
Ethan
82.1%
Evan
81.6%
Julian
80.5%
Dwight
79.1%
Shane
77.5%
Derek
77%
Bailey
72.9%
Justin
72.9%
Charlie
70.7%
Adam
68.8%
Burt
68%
Han
66.1%
Spencer
65.6%
Merril
64.5%
Micah
60.4%
Jude
58.8%
Drew
58.5%
Harvey
56.9%
Satoru
55.8%
Medel
55.6%
Clark
55.6%
Danny
55.3%
Erin
54.2%
Senator Wright
53.7%
Murdoch
53.1%
Carole
53.1%
Name % Correct
Laura
52.8%
Katherine
49.3%
Cameron
48.2%
Rebecca
46.6%
Todd
44.7%
Casey
44.2%
Michelle
42.5%
Hilde
42.3%
Ramsey
42%
Alan
41.2%
Nathan
40.7%
Patrick
40.4%
Hope
39.8%
Lucy
38.8%
Howard
38.2%
Audrey
38.2%
Joshua
37.9%
Natasha
36.9%
Sydney
36%
Mika
35.8%
Dolce
35.8%
Isabel
34.7%
Marcie
33.6%
Sara
33.1%
Alicia
32.8%
Travis
32.8%
Summers
32.5%
Elizabeth
30.4%
Alexandra
28.7%
Nadia
28.7%
Newman
26.6%
Allison
26.6%

You're not logged in!

Compare scores with friends on all Sporcle quizzes.
Join for Free
OR
Log In

You Might Also Like...

Show Comments

Extras

Created May 31, 2011ReportNominate
Tags:glee

Top Quizzes Today


Score Distribution

Your Account Isn't Verified!

In order to create a playlist on Sporcle, you need to verify the email address you used during registration. Go to your Sporcle Settings to finish the process.

Report this User

Report this user for behavior that violates our Community Guidelines.

Details: